| 000 | 01187cam a22003493a 4500 | ||
|---|---|---|---|
| 001 | 1032 | ||
| 005 | 20230828105343.0 | ||
| 008 | 961031s1996 nyua j 000 1 eng d | ||
| 020 | _a078073003501 | ||
| 040 |
_aJDP _cJDP _dJED _dSLC _dOCL _dDLC _beng |
||
| 050 | 0 | 0 | _aPZ7.D128 |
| 082 | 0 | 4 |
_aFic _221 |
| 100 | 1 | _aDadey, Debbie. | |
| 245 | 1 | 0 |
_aAngels don't know karate / _cby Debbie Dadey and Marcia Thornton Jones ; illustrated by John Steven Gurney. |
| 260 |
_aNew York : _bScholastic, _c1996. |
||
| 300 |
_a67 pages : _billustrations ; _c20 cm |
||
| 490 | 1 |
_aThe Adventures of the Bailey School kids ; _vBook 23 |
|
| 505 | _aN | ||
| 520 | _aThe Bailey School kids set out to find out if the new karate teacher is really an angel. | ||
| 521 | 8 |
_a570
_bLexile |
|
| 521 | 1 |
_aN
_bRaz-Plus |
|
| 650 | 0 |
_aAngels _vJuvenile fiction. |
|
| 650 | 0 |
_aKarate _vJuvenile fiction. |
|
| 650 | 0 |
_aAngels _vFiction. |
|
| 650 | 0 |
_aKarate _vFiction. |
|
| 650 | 0 | _aKarate teachers. | |
| 655 | 7 |
_aYoung adult fiction. _2lcsh |
|
| 700 | 1 | _aJones, Marcia Thornton. | |
| 700 | 1 |
_aGurney, John. _4illustrator |
|
| 906 |
_a7 _bcbc _ccopycat _d2 _encip _f19 _gy-genrareb |
||
| 942 |
_2ddc _cBK _n0 |
||
| 999 |
_c1032 _d1032 |
||